Antología del caballo / (Record no. 10466)

MARC details
000 -LEADER
campo de control de longitud fija 01086nam a22003017a 4500
001 - NÚMERO DE CONTROL
campo de control 10466
003 - IDENTIFICADOR DE NÚMERO DE CONTROL
campo de control UCATEBA
005 - FECHA Y HORA DE LA ÚLTIMA TRANSACCIÓN
campo de control 20260425075823.0
006 - CÓDIGOS DE INFORMACIÓN DE LONGITUD FIJA--CARACTERÍSTICAS DEL MATERIAL ADICIONAL
campo de control de longitud fija a
007 - CAMPO FIJO DE DESCRIPCIÓN FÍSICA--INFORMACIÓN GENERAL
campo de control de longitud fija a
008 - DATOS DE LONGITUD FIJA--INFORMACIÓN GENERAL
campo de control de longitud fija 260425b |||||||| |||| 00| 0 eng d
020 ## - NÚMERO INTERNACIONAL ESTÁNDAR DEL LIBRO
Número Internacional Estándar del Libro 84-89539-73-1
040 ## - FUENTE DE CATALOGACIÓN
Centro catalogador/agencia de origen DO-BaUCT
Lengua de catalogación spa
Centro/agencia transcriptor DO-BaUCT
Normas de descripción rda
041 0# - CÓDIGO DE IDIOMA
Código de lengua del texto/banda sonora o título independiente spa
Código de lengua original spa
082 0# - NÚMERO DE LA CLASIFICACIÓN DECIMAL DEWEY
Información de edición (22)
Número de clasificación RD861.44
Número de ítem C1125a
100 1# - ENTRADA PRINCIPAL--NOMBRE DE PERSONA
Nombre de persona Cabral, Manuel del,
Término indicativo de función/relación autor
245 10 - MENCIÓN DEL TÍTULO
Título Antología del caballo /
Mención de responsabilidad, etc. Manuel del Cabral ; Edición al cuidado de Diógenes Céspedes ; Ilustraciones de Raúl Recio.
260 ## - PUBLICACIÓN, DISTRIBUCIÓN, ETC.
Lugar de publicación, distribución, etc. Santo Domingo, República Dominicana :
Nombre del editor, distribuidor, etc. Editora de colores :
-- Fundación Manuel del Cabral,
Fecha de publicación, distribución, etc. 1998
300 ## - DESCRIPCIÓN FÍSICA
Extensión 224páginas :
Otros detalles físicos ilustrado ;
Dimensiones 21cm
336 ## - TIPO DE CONTENIDO
Fuente rdacontent
Término de tipo de contenido texto
Código de tipo de contenido txt
337 ## - TIPO DE MEDIO
Fuente rdamedia
Nombre/término del tipo de medio sin mediación
Código del tipo de medio n
338 ## - TIPO DE SOPORTE
Fuente rdacarrier
Nombre/término del tipo de soporte volumen
Código del tipo de soporte nc
650 #4 - PUNTO DE ACCESO ADICIONAL DE MATERIA--TÉRMINO DE MATERIA
Fuente del encabezamiento o término Armarc
Término de materia o nombre geográfico como elemento de entrada Poesía Dominicana
650 #4 - PUNTO DE ACCESO ADICIONAL DE MATERIA--TÉRMINO DE MATERIA
Fuente del encabezamiento o término Armarc
Término de materia o nombre geográfico como elemento de entrada Literatura Dominicana
700 1# - ENTRADA AGREGADA--NOMBRE PERSONAL
Nombre de persona Céspedes, Diógenes,
Término indicativo de función/relación editor
700 1# - ENTRADA AGREGADA--NOMBRE PERSONAL
Nombre de persona Recio, Raúl,
Término indicativo de función/relación ilustrador
942 ## - ELEMENTOS DE ENTRADA SECUNDARIOS (KOHA)
Fuente de la clasificación o esquema de estantería Clasificación Decimal Dewey
Tipo de ítem Koha Libros
Parte de clasificación RD861.44 C1125a
Prefijo de la signatura RD861.44
Sufijo de signatura topográfica C1125a
Suprimir en OPAC No
Holdings
Estatus retirado Estado de pérdida Fuente de la clasificación o esquema de estantería Estado de daño No para préstamo Colección Biblioteca de origen Biblioteca actual Fecha de adquisición Fuente de adquisición Total de préstamos Signatura topográfica completa Código de barras Visto por última vez Copia número Precio de reemplazo Tipo de ítem Koha
    Clasificación Decimal Dewey     Acervo general de Libros Biblioteca Central Mons. Favio M. Rivas S. Biblioteca Central Mons. Favio M. Rivas S. 25/04/2026 Donado   RD861.44 C1125a 000000013824 25/04/2026 1 25/04/2026 Libros